रंगानुभव के बहुरंग (Record no. 1679404)
[ view plain ]
| 000 -LEADER | |
|---|---|
| fixed length control field | 00959nam a22002297a 4500 |
| 005 - DATE AND TIME OF LATEST TRANSACTION | |
| control field | 20260211162840.0 |
| 008 - FIXED-LENGTH DATA ELEMENTS--GENERAL INFORMATION | |
| fixed length control field | 260211b |||||||| |||| 00| 0 eng d |
| 020 ## - INTERNATIONAL STANDARD BOOK NUMBER | |
| International Standard Book Number | 8185999910 (hbk) |
| 037 ## - SOURCE OF ACQUISITION | |
| Terms of availability | TB |
| 040 ## - CATALOGING SOURCE | |
| Original cataloging agency | CRL |
| Transcribing agency | CRL |
| 041 ## - LANGUAGE CODE | |
| Source of code | hin |
| Language code of text/sound track or separate title | hin |
| 084 ## - COLON CLASSIFICATION NUMBER | |
| Classification number | O152,2:gN P6 |
| Assigning agency | CRL |
| 100 ## - MAIN ENTRY--PERSONAL NAME | |
| Personal name | गौतम, रमेश |
| 9 (RLIN) | 1115370 |
| 245 ## - TITLE STATEMENT | |
| Title | रंगानुभव के बहुरंग |
| 260 ## - PUBLICATION, DISTRIBUTION, ETC. | |
| Place of publication, distribution, etc. | दिल्ली, भारत: |
| Name of publisher, distributor, etc. | स्वराज प्रकाशन, |
| Date of publication, distribution, etc. | 2006. |
| 300 ## - PHYSICAL DESCRIPTION | |
| Extent | 262पृ. |
| 365 ## - TRADE PRICE | |
| Price amount | 495.00 |
| Currency code | INR |
| 650 ## - SUBJECT ADDED ENTRY--TOPICAL TERM | |
| Topical term or geographic name entry element | हिन्दी नाटक |
| 9 (RLIN) | 1115371 |
| 650 ## - SUBJECT ADDED ENTRY--TOPICAL TERM | |
| Topical term or geographic name entry element | हिन्दी साहित्य |
| 9 (RLIN) | 1115372 |
| 942 ## - ADDED ENTRY ELEMENTS (KOHA) | |
| Source of classification or shelving scheme | Colon Classification (CC) |
| Koha item type | Textbook |
| Classification part | O152,2:gN P6 |
| Suppress in OPAC | No |
| Withdrawn status | Lost status | Source of classification or shelving scheme | Damaged status | Not for loan | Home library | Current library | Date acquired | Source of acquisition | Cost, normal purchase price | Inventory number | Total Checkouts | Full call number | Barcode | Date due | Date last seen | Date last checked out | Price effective from | Koha item type |
|---|---|---|---|---|---|---|---|---|---|---|---|---|---|---|---|---|---|---|
| Colon Classification (CC) | Central Library | Arts Library | 2026-02-11 | आई . ओ . ई प्रोजेक्ट बुक्स | 495.00 | आई . ओ . ई प्रोजेक्ट बुक्स | 1 | O152,2:gN P6 | CL1925843 | 2026-02-18 | 2026-02-18 | 2026-02-18 | 2026-02-11 | Textbook |
